| 000 | 00904nam a22002175i 4500 | ||
|---|---|---|---|
| 001 | 175115 | ||
| 003 | ES-MaACL | ||
| 005 | 20260303063014.0 | ||
| 008 | 101006s1952 sp |||| | spa d | ||
| 080 | _a611.63 | ||
| 100 | 0 |
_aDehesa Bailo, Alfonso _943249 |
|
| 245 | 1 | 0 |
_aEstudios sobre el desarrollo de la próstata. _pI. _pAparición local y temporal de los esbozos glandulares de la próstata humana, sus agrupaciones e histogénesis iniciales / _cpor Alfonso Dehesa Bailo. |
| 260 |
_a[Madrid] : _bInstituto "Santiago Ramón y Cajal" de Investigaciones Biológicas, _c1952. |
||
| 300 |
_a60 p., [5] p. : _bil. ; _c26 cm. |
||
| 490 | 1 |
_aMonografías de ciencia moderna ; _v39 |
|
| 650 | 1 | 4 |
_aPróstata. _9143480 |
| 710 | 2 |
_aInstituto Cajal. _9172571 |
|
| 830 | 1 |
_aMonografías de ciencia moderna _v39 _9189470 |
|
| 852 |
_aES-MaACL _jE-13304 _xOlim P-555 bis |
||
| 999 |
_c175115 _d175115 |
||